000 00517nam a2200193Ia 4500
005 20240913125800.0
008 240913s9999||||xx |||||||||||||| ||und||
020 _a81-86514-19-8
041 _aENGLISH
082 _A623.043 P7
100 _aJoshi J C
245 0 _aAcousto-Optic Devices and Their Defence Applications
250 _a1st
260 _c2007
_bDefence Research and Development Organis
500 _aREFERENCE
650 _aOptic Devices
_bAerospace Engineering
942 _cREF
999 _c246261
_d246261